[Event "Oberliga Sued W 2122"]
[Site "Germany"]
[Date "2022.06.12"]
[Round "4.6"]
[White "Carow, Annelen"]
[Black "Forthoffer, Patrick"]
[Result "1-0"]
[WhiteElo "2136"]
[BlackElo "2130"]
[PlyCount "83"]
[EventDate "2021.10.24"]
[EventType "team-tourn"]
[EventRounds "9"]
[EventCountry "GER"]
[SourceTitle "EXT 2023"]
[Source "ChessBase"]
[SourceDate "2022.10.05"]
[SourceVersion "1"]
[SourceVersionDate "2022.10.05"]
[SourceQuality "1"]
[WhiteTeam "Heidesheim"]
[BlackTeam "Schwarzenbach"]
[WhiteTeamCountry "GER"]
[BlackTeamCountry "GER"]

1. d4 d5 2. c4 e6 3. Nc3 a6 4. cxd5 exd5 5. Bf4 Nf6 6. e3 Bd6 7. Bxd6 Qxd6 8. Bd3 0-0 9. Qc2 Be6 10. Nf3 h6 11. 0-0 Nbd7 12. Rac1 Rac8 13. Na4 c6 14. Nc5 Nxc5 15. Qxc5 Qxc5 16. dxc5 Nd7 17. Nd4 Ne5 18. Be2 Bg4 19. f3 Bd7 20. Kf2 f5 21. f4 Ng4+ 22. Bxg4 fxg4 23. Rc3 Rc7 24. Rd1 g5 25. g3 Kg7 26. Ne2 Kg6 27. Rd4 Bf5 28. Rb4 Re8 29. Rcb3 Bc8 30. Rb6 Ree7 31. Rd3 Re8 32. Rxd5 Be6 33. Rd6 Kg7 34. Nd4 Bc8 35. Ke2 Rce7 36. Rb3 gxf4 37. gxf4 h5 38. Kf2 h4 39. f5 Kf7 40. Rh6 g3+ 41. hxg3 Rxe3 42. Rxe3 1-0

[Event "Oberliga Sued W 2122"]
[Site "Germany"]
[Date "2022.05.15"]
[Round "3.5"]
[White "Tresch, Lukas"]
[Black "Forthoffer, Patrick"]
[Result "1-0"]
[WhiteElo "2073"]
[BlackElo "2130"]
[PlyCount "47"]
[EventDate "2021.10.24"]
[EventType "team-tourn"]
[EventRounds "9"]
[EventCountry "GER"]
[SourceTitle "EXT 2023"]
[Source "ChessBase"]
[SourceDate "2022.10.05"]
[SourceVersion "1"]
[SourceVersionDate "2022.10.05"]
[SourceQuality "1"]
[WhiteTeam "Frankenthal"]
[BlackTeam "Schwarzenbach"]
[WhiteTeamCountry "GER"]
[BlackTeamCountry "GER"]

1. e4 Nc6 2. Nf3 d6 3. d4 Nf6 4. Nc3 g6 5. Be2 Bg7 6. d5 Nb8 7. Be3 0-0 8. Qd2 c6 9. Bh6 Bxh6 10. Qxh6 Qb6 11. 0-0-0 Ng4 12. Qh4 Nf6 13. h3 Nbd7 14. g4 cxd5 15. g5 Nh5 16. Nxd5 Qd8 17. Nh2 Ng7 18. Ng4 Nb6 19. Ngf6+ exf6 20. Nxf6+ Qxf6 21. gxf6 Ne8 22. Bg4 Be6 23. f4 Nd7 24. f5 1-0

[Event "Oberliga Sued W 2122"]
[Site "Germany"]
[Date "2022.02.13"]
[Round "6.6"]
[White "Forthoffer, Patrick"]
[Black "Busche, Stefan"]
[Result "1/2-1/2"]
[WhiteElo "2130"]
[BlackElo "2071"]
[PlyCount "102"]
[EventDate "2021.10.24"]
[EventType "team-tourn"]
[EventRounds "9"]
[EventCountry "GER"]
[SourceTitle "EXT 2023"]
[Source "ChessBase"]
[SourceDate "2022.10.05"]
[SourceVersion "1"]
[SourceVersionDate "2022.10.05"]
[SourceQuality "1"]
[WhiteTeam "Schwarzenbach"]
[BlackTeam "Saarbruecken"]
[WhiteTeamCountry "GER"]
[BlackTeamCountry "GER"]

1. d4 Nf6 2. c4 g6 3. g3 Bg7 4. Bg2 d5 5. Nf3 0-0 6. 0-0 Nc6 7. cxd5 Nxd5 8. e4 Nb6 9. d5 Na5 10. Qe1 Nac4 11. Nc3 e6 12. b3 Nd6 13. Bg5 Bxc3 14. Bxd8 Bxe1 15. Bxc7 Bc3 16. Bxd6 Bxa1 17. Bxf8 Bb2 18. Bh6 exd5 19. exd5 Nxd5 20. Ng5 Nb4 21. Re1 Bf5 22. Re7 Bf6 23. Rxb7 Bxg5 24. Bxg5 Re8 25. h4 a5 26. Ra7 Nxa2 27. Bc6 Rc8 28. Bd5 Be6 29. Rxa5 Bxd5 30. Rxd5 Kg7 31. Bf4 Nc1 32. Be5+ Kg8 33. Rb5 Re8 34. Bf6 Rc8 35. b4 Nd3 36. Kg2 h6 37. Rb7 Re8 38. Bd4 Rd8 39. Be3 Kg7 40. Bb6 Re8 41. Bd4+ Kg8 42. b5 g5 43. hxg5 hxg5 44. g4 Re4 45. Rb8+ Kh7 46. Rh8+ Kg6 47. b6 Rxg4+ 48. Kf1 Rxd4 49. b7 Rb4 50. b8Q Rxb8 51. Rxb8 Nf4 1/2-1/2

[Event "Oberliga Sued W 1617"]
[Site "Germany"]
[Date "2017.02.19"]
[Round "6.6"]
[White "Forthoffer, Patrick"]
[Black "Spengler, Hanno"]
[Result "1-0"]
[WhiteElo "2156"]
[BlackElo "2075"]
[PlyCount "109"]
[EventDate "2016.09.25"]
[EventType "team-tourn"]
[EventRounds "9"]
[EventCountry "GER"]
[SourceTitle "EXT 2018"]
[Source "ChessBase"]
[SourceDate "2017.10.13"]
[SourceVersion "1"]
[SourceVersionDate "2017.10.13"]
[SourceQuality "1"]
[WhiteTeam "Saarbruecken Gambit"]
[BlackTeam "Winterbach Turm"]
[WhiteTeamCountry "GER"]
[BlackTeamCountry "GER"]

1. d4 d5 2. Nf3 Nf6 3. c4 e6 4. g3 Nbd7 5. Bg2 c6 6. 0-0 Be7 7. Nc3 0-0 8. Nd2 Re8 9. e4 dxe4 10. Ndxe4 Nf8 11. Be3 Ng6 12. a3 Nxe4 13. Bxe4 f5 14. Bg2 Qc7 15. f4 Bf6 16. Qf3 Bd7 17. Rac1 Rad8 18. Rfd1 Ne7 19. Qf2 Nc8 20. Nb1 b6 21. Nd2 Re7 22. Nf3 Be8 23. Ne5 h6 24. Bf3 Bxe5 25. fxe5 Rf7 26. h4 Ne7 27. Bf4 Kh7 28. d5 Qc8 29. Kg2 Rf8 30. d6 Ng6 31. b4 Bd7 32. a4 Qb8 33. c5 Rc8 34. Rc2 b5 35. Ra1 a6 36. axb5 Qxb5 37. Qd4 Ra8 38. Be2 Qb7 39. Rca2 Rfb8 40. Bd2 a5 41. Rxa5 Rxa5 42. Rxa5 Ra8 43. h5 Nf8 44. Qa1 Rxa5 45. Qxa5 Qb8 46. Bf3 g5 47. g4 Qe8 48. b5 cxb5 49. Qa8 Qf7 50. c6 fxg4 51. Bxg4 Be8 52. Qb7 Qxb7 53. cxb7 Nd7 54. Bxe6 Nb8 55. Bd5 1-0

[Event "Oberliga Sued W 1516"]
[Site "Germany"]
[Date "2016.03.06"]
[Round "8.3"]
[White "Forthoffer, Patrick"]
[Black "Fritsche, Lutz"]
[Result "0-1"]
[WhiteElo "2177"]
[BlackElo "2304"]
[PlyCount "48"]
[EventDate "2015.09.20"]
[EventType "team-tourn"]
[EventRounds "9"]
[EventCountry "GER"]
[SourceTitle "EXT 2017"]
[Source "ChessBase"]
[SourceDate "2016.10.25"]
[SourceVersion "1"]
[SourceVersionDate "2016.10.25"]
[SourceQuality "1"]
[WhiteTeam "Saarbruecken Gambit"]
[BlackTeam "Koblenz"]
[WhiteTeamCountry "GER"]
[BlackTeamCountry "GER"]

1. d4 d5 2. Nf3 c5 3. c4 dxc4 4. Nc3 Nf6 5. Bg5 e6 6. e4 cxd4 7. Qxd4 Qa5 8. Bxc4 Nc6 9. Bb5 Qxb5 10. Nxb5 Nxd4 11. Nfxd4 Bb4+ 12. Ke2 0-0 13. f3 Bd7 14. Nc3 Rac8 15. Rac1 Rc4 16. Kd3 Rc5 17. Be3 Rd8 18. a3 Bxc3 19. Rxc3 b6 20. b4 Bb5+ 21. Kc2 Ba4+ 22. Kb2 Rxc3 23. Kxc3 e5 24. Nb3 Bxb3 0-1

[Event "Oberliga Sued W 1112"]
[Site "Germany"]
[Date "2011.11.13"]
[Round "3"]
[White "Kopp, Bjoern"]
[Black "Forthoffer, Patrick"]
[Result "0-1"]
[WhiteElo "2142"]
[BlackElo "2190"]
[PlyCount "76"]
[EventDate "2011.09.25"]
[EventType "team-tourn"]
[EventRounds "9"]
[EventCountry "GER"]
[SourceTitle "EXT 2013"]
[Source "ChessBase"]
[SourceDate "2012.11.22"]
[SourceVersion "1"]
[SourceVersionDate "2012.11.22"]
[SourceQuality "1"]
[WhiteTeam "Landau"]
[BlackTeam "Saarbruecken Gambit"]
[WhiteTeamCountry "GER"]
[BlackTeamCountry "GER"]

1. e4 d6 2. d4 Nf6 3. Nc3 g6 4. f4 Bg7 5. Nf3 0-0 6. e5 dxe5 7. fxe5 Nd5 8. Bc4 Be6 9. Bb3 c5 10. Qe2 Nc6 11. Nxd5 Bxd5 12. Bxd5 Qxd5 13. c4 Qd8 14. d5 Nd4 15. Nxd4 cxd4 16. 0-0 b5 17. Bf4 bxc4 18. Qxc4 Qb6 19. Rfd1 d3+ 20. Kh1 Qxb2 21. Rab1 Qe2 22. Qxd3 Qg4 23. Bg3 f6 24. e6 f5 25. d6 exd6 26. Bxd6 Rfe8 27. e7 Bf6 28. Rb4 Qg5 29. Qd5+ Kg7 30. Qe6 Rac8 31. h4 Qh5 32. Rf1 Bxh4 33. Kg1 Bf6 34. Be5 Qg5 35. Rb3 Bxe5 36. Qxe5+ Qf6 37. Qxf6+ Kxf6 38. Re1 Rc7 0-1

[Event "Oberliga Sued W 0708"]
[Site "Germany"]
[Date "2007.12.09"]
[Round "4.4"]
[White "Forthoffer, Patrick"]
[Black "Callam, Hannes"]
[Result "0-1"]
[WhiteElo "2237"]
[BlackElo "2146"]
[PlyCount "130"]
[EventDate "2007.10.21"]
[EventType "team-tourn"]
[EventRounds "9"]
[EventCountry "GER"]
[SourceTitle "EXT 2009"]
[Source "ChessBase"]
[SourceDate "2008.11.26"]
[SourceVersion "1"]
[SourceVersionDate "2008.11.26"]
[SourceQuality "1"]
[WhiteTeam "Saarbruecken Gambit"]
[BlackTeam "Schwarzenbach"]
[WhiteTeamCountry "GER"]
[BlackTeamCountry "GER"]

1. d4 c5 2. d5 e5 3. e4 d6 4. Nc3 a6 5. a4 Be7 6. Nf3 Bg4 7. h3 Bxf3 8. Qxf3 Bg5 9. Bxg5 Qxg5 10. Qg4 Qxg4 11. hxg4 f6 12. a5 Nh6 13. Be2 Nd7 14. Nd1 Nf7 15. Ne3 g6 16. f3 h6 17. Kf2 Ke7 18. c3 Rhb8 19. Ra2 Rh8 20. Bd3 Rac8 21. Nc4 Rh7 22. Raa1 Rch8 23. Rh2 h5 24. Rah1 h4 25. Ne3 Ng5 26. Rc1 Rc8 27. Be2 Nf7 28. g3 hxg3+ 29. Kxg3 Rxh2 30. Kxh2 Rh8+ 31. Kg2 Ng5 32. b4 Nh3 33. Bf1 Nf4+ 34. Kg1 Rc8 35. b5 axb5 36. Bxb5 Ra8 37. Ra1 Nb6 38. Ra2 Kd8 39. Bf1 Ra7 40. Rb2 Na4 41. Rb3 Rxa5 42. Nc4 Ra6 43. Ra3 b5 44. Nb2 Rb6 45. Nxa4 bxa4 46. Rxa4 f5 47. gxf5 gxf5 48. Ra6 Rxa6 49. Bxa6 fxe4 50. fxe4 Kc7 51. Kf2 Kb6 52. Bf1 Ka5 53. Ke3 Ka4 54. Bc4 Ka3 55. Kd2 Kb2 56. Ba6 Kb3 57. Bb5 Nh5 58. Be8 Nf6 59. Bg6 c4 60. Bf5 Kb2 61. Bg6 Nd7 62. Bh5 Nc5 63. Bf3 Nb3+ 64. Ke3 Kxc3 65. Be2 Nc5 0-1